El compromiso de las cajas de compensación familiar con el campo y la paz / (Registro nro. 15418)

Detalles MARC
000 -LEADER
fixed length control field 01107nam a22002537a 4500
003 - CONTROL NUMBER IDENTIFIER
control field OSt
005 - DATE AND TIME OF LATEST TRANSACTION
control field 20210317153159.0
008 - FIXED-LENGTH DATA ELEMENTS--GENERAL INFORMATION
fixed length control field 210317b2016 ck adb|gr|||| 00| 0 spa d
040 ## - CATALOGING SOURCE
Original cataloging agency CO-JMCR
Transcribing agency CO-JMCR
041 0# - LANGUAGE CODE
Language code of text/sound track or separate title spa
082 04 - DEWEY DECIMAL CLASSIFICATION NUMBER
Classification number 368.4 /
Item number A837c
Edition number 23
110 2# - MAIN ENTRY--CORPORATE NAME
Corporate name or jurisdiction name as entry element Asocajas
9 (RLIN) 36247
245 13 - TITLE STATEMENT
Title El compromiso de las cajas de compensación familiar con el campo y la paz /
Statement of responsibility, etc. Asocajas
250 ## - EDITION STATEMENT
Edition statement Primera edición
260 ## - PUBLICATION, DISTRIBUTION, ETC.
Place of publication, distribution, etc. [Bogotá] :
Name of publisher, distributor, etc. Asocajas,
Date of publication, distribution, etc. 2016
300 ## - PHYSICAL DESCRIPTION
Extent 136 páginas :
Other physical details ilustraciones, gráficas y mapas a color ;
Dimensions 24 cm.
500 ## - GENERAL NOTE
General note Incluye glosario y notas a pie de página.
504 ## - BIBLIOGRAPHY, ETC. NOTE
Bibliography, etc. note Bibliografía: página 129-131
505 0# - FORMATTED CONTENTS NOTE
Formatted contents note Diagnóstico -- Oportunidades de intervención rural -- Presencia y experiencias relevantes -- Modelo y estrategias de intervención rural -- Lineamientos para un plan de acción y recomendaciones finales
650 14 - SUBJECT ADDED ENTRY--TOPICAL TERM
Topical term or geographic name entry element Cajas de compensación familiar
Geographic subdivision Colombia
9 (RLIN) 36248
650 24 - SUBJECT ADDED ENTRY--TOPICAL TERM
Topical term or geographic name entry element Subsidios familiares
Geographic subdivision Colombia
9 (RLIN) 36249
650 24 - SUBJECT ADDED ENTRY--TOPICAL TERM
Topical term or geographic name entry element Subsidios familiares
Form subdivision Compromisos
General subdivision Zonas rurales
Geographic subdivision Colombia
9 (RLIN) 36250
942 ## - ADDED ENTRY ELEMENTS (KOHA)
Source of classification or shelving scheme Dewey Decimal Classification
Koha item type Books
Existencias
Withdrawn status Lost status Source of classification or shelving scheme Damaged status Not for loan Collection code Home library Current library Date acquired Source of acquisition Total Checkouts Full call number Barcode Date last seen Copy number Price effective from Koha item type
    Dewey Decimal Classification     Non-fiction Biblioteca Pública José María del Castillo y Rada Biblioteca Pública José María del Castillo y Rada 10/02/2020 Donación   368.4 / A837c 201808413 05/16/2024 Ej.1 03/17/2021 Books
    Dewey Decimal Classification     Non-fiction Biblioteca Pública José María del Castillo y Rada Biblioteca Pública José María del Castillo y Rada 10/02/2020 Donación   368.4 / A837c 201808414 05/16/2024 Ej.2 03/17/2021 Books